Statistics for Biggest Cities in Maranhão

Click here to take the quiz!

General Stats

  • This quiz has been taken 32 times
  • The average score is 10 of 20

Answers on the Map

Answers color-coded by a green-red scale on the quiz's map according to % correct below.
 

Answer Stats

PopulationCity% Correct
1,047,440São Luís
100%
245,760Imperatriz
92%
83,570Balsas
77%
84,530Codó
77%
81,580Bacabal
69%
126,480Caxias
69%
41,410São José de Ribamar
69%
147,960Timon
69%
85,060Açailândia
62%
92,780Paço do Lumiar
54%
45,720Coroatá
38%
49,830Pinheiro
38%
34,360Presidente Dutra
38%
84,760Santa Inês
38%
55,180Barra do Corda
31%
57,820Chapadinha
31%
41,800Grajaú
31%
41,110Coelho Neto
23%
38,360Itapecuru Mirim
23%
40,040Buriticupu
15%

Score Distribution

Percentile by Number Answered

Percent of People with Each Score

Your Score History

You have not taken this quiz